[Event "Women's Speed Chess Q3"]
[Site "chess.com INT"]
[Date "2021.05.30"]
[Round "14"]
[White "Luong, Phuong Hanh"]
[Black "Eswaran, Ashritha"]
[Result "1-0"]
[WhiteTitle "WIM"]
[BlackTitle "WIM"]
[WhiteElo "2229"]
[BlackElo "2244"]
[WhiteFideId "12401013"]
[BlackFideId "2080788"]
[EventDate "2021.05.30"]

1. d4 Nf6 2. Nf3 e6 3. e3 d5 4. Bd3 Be7 5. O-O O-O 6. b3 b6 7. Bb2 Bb7 8. Nbd2
Nbd7 9. Rc1 c5 10. Ne5 cxd4 11. exd4 a5 12. Qe2 a4 13. h3 axb3 14. axb3 Ra2 15.
Rb1 Qc7 16. Nxd7 Qxd7 17. Nf3 Ne4 18. Ne5 Qc7 19. c4 f6 20. Bxe4 dxe4 21. Ng4
Ba3 22. Ne3 f5 23. Nd1 Bb4 24. Ra1 Rfa8 25. Rxa2 Rxa2 26. Qc2 b5 27. Qb1 Ra8 28.
d5 exd5 29. cxd5 Bxd5 30. Ne3 Be6 31. Rd1 Qf7 32. Qc2 Bf8 33. Qe2 Rc8 34. Qxb5
Bxb3 35. Rd7 Qe8 36. Qxb3+ Kh8 37. Rd1 Qg6 38. Nd5 f4 39. Nxf4 Qf5 40. Ne2 Re8
41. Ng3 Qf4 42. Bd4 Bd6 43. Be3 Qf6 44. Qd5 Bxg3 45. fxg3 Rg8 46. Rf1 Qb2 47.
Qxe4 Qe2 48. Qf3 Qd3 49. Qf2 Qe4 50. Bd4 Qd5 51. Qe3 Qd7 52. Kh2 Qd8 53. Qe5 Qd7
54. Rf4 Re8 55. Qf5 Qe7 56. Rg4 Rg8 57. Qe5 Qf7 58. h4 Qd7 59. Rf4 Qb7 60. h5 h6
61. Qe6 Qb1 62. Qxh6+ Qh7 63. Qxh7+ Kxh7 64. Rg4 Kh6 65. Rxg7 Rf8 66. Rg4 Kxh5
67. Rh4+ Kg5 68. Be3+ Kg6 69. Bf4 Kf5 70. Rh6 Ke4 71. Kh3 Rg8 72. Kh4 Kf5 73.
Rh5+ Ke4 74. Rg5 Rh8+ 75. Kg4 Rh2 76. Re5+ Kd4 77. Kf3 Rh1 78. g4 Rf1+ 79. Kg3
Rg1 80. g5 Rh1 81. Re6 Rh8 82. Rh6 Kd5 83. Kg4 Rg8 84. Kf5 Rf8+ 85. Rf6 Rg8 86.
g6 Rf8 87. Rxf8 1-0

[Event "Women's Speed Chess Q3"]
[Site "chess.com INT"]
[Date "2021.05.30"]
[Round "14"]
[White "Dworakowska, Joanna"]
[Black "Eswaran, Aksithi"]
[Result "1/2-1/2"]
[WhiteTitle "IM"]
[BlackTitle "WCM"]
[WhiteElo "2322"]
[BlackElo "1745"]
[WhiteFideId "1107445"]
[BlackFideId "2083485"]
[EventDate "2021.05.30"]

1. e4 c5 2. Nf3 Nc6 3. d4 cxd4 4. Nxd4 Nf6 5. Nc3 e5 6. Ndb5 d6 7. a4 Be6 8. Be2
Be7 9. O-O a6 10. Na3 O-O 11. Nc4 Rc8 12. Ne3 Nd4 13. Ned5 Bxd5 14. exd5 Nd7 15.
Bd3 f5 16. f3 Nc5 17. Kh1 Bg5 18. f4 Bf6 19. fxe5 Bxe5 20. Bf4 Qf6 21. Qd2 Rce8
22. Rf2 Bxf4 23. Qxf4 Nxd3 24. cxd3 Qe5 25. Qd2 Qe3 26. Raf1 Qxd2 27. Rxd2 f4
28. Rdf2 g5 29. Ne4 h6 30. Nxd6 Rd8 31. Ne4 Rxd5 32. g3 f3 33. g4 Rf4 34. h3 Rd8
35. Kh2 Rdf8 36. Kg3 Kg7 37. Rc1 Ne2+ 38. Rxe2 fxe2 39. Re1 Rf3+ 40. Kg2 Rxd3
41. Rxe2 Rb3 42. Ng3 Rff3 43. Nf5+ Kf6 44. Rd2 Rfd3 45. Rc2 Ke5 46. Re2+ Kf4 47.
Rf2+ Rf3 48. Rd2 Rxh3 49. Rd4+ Ke5 50. Rc4 Rhd3 51. Rc5+ Kf6 52. Rc2 h5 53. Nh6
hxg4 54. Nxg4+ Kf5 55. Nh6+ Kg6 56. Ng4 Kh5 57. Ne5 Kh4 58. Rc4+ Kh5 59. Nxd3
Rxd3 60. Rb4 g4 61. Rxb7 Kh4 62. Rh7+ Kg5 63. Ra7 Rd2+ 64. Kg3 Rxb2 65. Rxa6
Rb3+ 66. Kg2 Ra3 67. Ra5+ Kf4 68. Ra8 Ra2+ 69. Kf1 Kg3 70. Rb8 Rxa4 71. Rb3+ Kh2
72. Rb2+ Kh3 73. Rb3+ g3 74. Rb1 Rf4+ 75. Kg1 Rf2 76. Ra1 Rc2 77. Rb1 Kg4 78.
Rb4+ Kf3 79. Rb3+ Kg4 80. Rb4+ Kh3 81. Rb1 Rc3 82. Ra1 g2 83. Rb1 Rf3 84. Rc1
Kg3 85. Rb1 Re3 86. Rc1 Kf3 87. Rb1 Re8 88. Rb3+ Kg4 89. Kxg2 Re2+ 90. Kf1 Re4
91. Kf2 Rf4+ 92. Kg2 Kh4 93. Rh3+ Kg4 94. Rg3+ Kf5 95. Rf3 Rxf3 96. Kxf3 1/2-1/2

[Event "Women's Speed Chess Q3"]
[Site "chess.com INT"]
[Date "2021.05.30"]
[Round "15"]
[White "Narva, Mai"]
[Black "Ziegenfuss, Antonia"]
[Result "1-0"]
[WhiteTitle "WIM"]
[BlackTitle "WFM"]
[WhiteElo "2276"]
[BlackElo "2157"]
[WhiteFideId "4500512"]
[BlackFideId "12962554"]
[EventDate "2021.05.30"]

1. e4 c5 2. Nf3 e6 3. d4 cxd4 4. Nxd4 Nc6 5. Nc3 Qc7 6. Be3 a6 7. a3 Nf6 8. Be2
b5 9. O-O Bb7 10. f4 Be7 11. e5 Ng8 12. Bf3 d5 13. exd6 Bxd6 14. Ndxb5 axb5 15.
Nxb5 Qe7 16. Qxd6 Rd8 17. Bxc6+ Bxc6 18. Qxc6+ Kf8 19. Rad1 1-0

[Event "Women's Speed Chess Q3"]
[Site "chess.com INT"]
[Date "2021.05.30"]
[Round "15"]
[White "Von Herman, Brigitte"]
[Black "Dworakowska, Joanna"]
[Result "0-1"]
[WhiteTitle "WFM"]
[BlackTitle "IM"]
[WhiteElo "1991"]
[BlackElo "2322"]
[WhiteFideId "4628730"]
[BlackFideId "1107445"]
[EventDate "2021.05.30"]

1. e4 c5 2. c3 d5 3. exd5 Nf6 4. d4 cxd4 5. cxd4 Nxd5 6. Nf3 Nc6 7. Nc3 Bg4 8.
h3 Bxf3 9. Qxf3 Ndb4 10. Bb5 Nc2+ 11. Kf1 Nxd4 12. Qg3 Nxb5 13. Nxb5 Qd1# 0-1

[Event "Women's Speed Chess Q3"]
[Site "chess.com INT"]
[Date "2021.05.30"]
[Round "15"]
[White "Szente Varga, Fruzsina"]
[Black "Gaponenko, Inna"]
[Result "0-1"]
[WhiteTitle "WFM"]
[BlackTitle "IM"]
[WhiteElo "2100"]
[BlackElo "2357"]
[WhiteFideId "712264"]
[BlackFideId "14101181"]
[EventDate "2021.05.30"]

1. e4 g6 2. d4 Bg7 3. Nc3 d6 4. Be3 a6 5. Qd2 b5 6. O-O-O b4 7. Nce2 a5 8. h3
Nd7 9. f4 Nb6 10. Ng3 Nf6 11. e5 Nfd5 12. Bf2 Ba6 13. Bxa6 Rxa6 14. Ne4 Nc4 15.
Qd3 Rc6 16. Kb1 a4 17. Ne2 Qb8 18. c3 O-O 19. g4 bxc3 20. N4xc3 Qxb2# 0-1

[Event "Women's Speed Chess Q3"]
[Site "chess.com INT"]
[Date "2021.05.30"]
[Round "15"]
[White "Buksa, Nataliya"]
[Black "Sliwicka, Alicja"]
[Result "1-0"]
[WhiteTitle "IM"]
[BlackTitle "WIM"]
[WhiteElo "2414"]
[BlackElo "2346"]
[WhiteFideId "14123622"]
[BlackFideId "1150677"]
[EventDate "2021.05.30"]

1. d4 Nf6 2. Nc3 g6 3. e4 d6 4. Bg5 Bg7 5. e5 dxe5 6. dxe5 Qxd1+ 7. Rxd1 Nfd7 8.
Nd5 Na6 9. f4 f6 10. exf6 exf6 11. Bh4 Kf7 12. Bc4 Re8+ 13. Kf1 Nb6 14. Nxb6+
Kf8 15. Nxa8 Bg4 16. Nf3 Rxa8 17. Bxa6 bxa6 18. Kf2 Rb8 19. b3 Bf5 20. c4 c5 21.
Rd5 Be4 22. Rxc5 f5 23. Rd1 h6 24. Rd8+ Rxd8 25. Bxd8 Ke8 26. Ba5 Kd7 27. Rc7+ 1-0

[Event "Women's Speed Chess Q3"]
[Site "chess.com INT"]
[Date "2021.05.30"]
[Round "15"]
[White "Paehtz, Elisabeth"]
[Black "Bivol, Alina"]
[Result "0-1"]
[WhiteTitle "IM"]
[BlackTitle "WGM"]
[WhiteElo "2456"]
[BlackElo "2385"]
[WhiteFideId "4641833"]
[BlackFideId "4100123"]
[EventDate "2021.05.30"]

1. d4 Nf6 2. Nf3 g6 3. Bg5 Bg7 4. Nbd2 d5 5. c3 O-O 6. e3 Ne4 7. Nxe4 dxe4 8.
Nd2 c5 9. Nxe4 cxd4 10. cxd4 Qd5 11. Bd3 Bf5 12. Nc3 Qxg2 13. Bxf5 Qxh1+ 14. Ke2
Qxd1+ 15. Rxd1 gxf5 16. Bxe7 Re8 17. Ba3 Nc6 18. Nd5 Nxd4+ 19. Kd3 Nb5 20. Ne7+
Kh8 21. Nxf5 Nxa3 0-1

[Event "Women's Speed Chess Q3"]
[Site "chess.com INT"]
[Date "2021.05.30"]
[Round "15"]
[White "Makhija, Aashna"]
[Black "Arpita, Mukherjee"]
[Result "1-0"]
[WhiteTitle "WIM"]
[BlackTitle "WIM"]
[WhiteElo "1969"]
[BlackElo "2206"]
[WhiteFideId "25011944"]
[BlackFideId "5056403"]
[EventDate "2021.05.30"]

1. e4 c5 2. c3 d6 3. d4 e5 4. dxe5 dxe5 5. Qxd8+ Kxd8 6. Nf3 f6 7. Be3 Nc6 8.
Nbd2 Kc7 9. Be2 Be6 10. O-O Nge7 11. Bc4 Bxc4 12. Nxc4 Ng6 13. a4 Be7 14. g3
Rad8 15. h4 h5 16. Rfd1 Rxd1+ 17. Rxd1 Rd8 18. Rxd8 Kxd8 19. Ne1 Nf8 20. Nd3 Ne6
21. f4 Kc7 22. f5 Ned8 23. Bxc5 Nf7 24. Bxe7 Nxe7 25. Nc5 b6 26. Ne6+ Kc6 27.
Nxg7 Kc5 28. Nd2 Nc8 29. Nxh5 Ncd6 30. Nxf6 Nh6 31. g4 1-0

[Event "Women's Speed Chess Q3"]
[Site "chess.com INT"]
[Date "2021.05.30"]
[Round "15"]
[White "Antonova, Nadezhda"]
[Black "Vine, Elzbieta"]
[Result "1-0"]
[WhiteTitle "WFM"]
[BlackTitle "WFM"]
[WhiteElo "1877"]
[BlackElo "2138"]
[WhiteFideId "14700182"]
[BlackFideId "1119320"]
[EventDate "2021.05.30"]

1. d4 d5 2. Nf3 Bg4 3. Nbd2 Nf6 4. h3 Bf5 5. c4 c6 6. Qb3 Qc7 7. Nh4 Bg6 8. Nxg6
hxg6 9. g3 Nbd7 10. Bg2 O-O-O 11. O-O e5 12. cxd5 cxd5 13. Nf3 e4 14. Bf4 Bd6
15. Rac1 Nc5 16. Rxc5 1-0

[Event "Women's Speed Chess Q3"]
[Site "chess.com INT"]
[Date "2021.05.30"]
[Round "15"]
[White "Chu, Ruotong"]
[Black "Putri, Regita Desyari"]
[Result "0-1"]
[WhiteTitle "WIM"]
[BlackTitle "WFM"]
[WhiteElo "2207"]
[BlackElo "1897"]
[WhiteFideId "8605653"]
[BlackFideId "7109083"]
[EventDate "2021.05.30"]

1. d4 Nf6 2. c4 e6 3. g3 d5 4. Bg2 Be7 5. Nf3 O-O 6. Nc3 b6 7. cxd5 exd5 8. Ne5
Bb7 9. O-O Nbd7 10. Qa4 Nb8 11. Bf4 Ne4 12. Nxe4 dxe4 13. Rfd1 Bd5 14. Rac1 f6
15. Nc4 c6 16. Nd2 b5 17. Qc2 f5 18. Nf3 exf3 19. exf3 Nd7 20. a4 a6 21. Re1 Bf6
22. Bd6 Rf7 23. Bh3 g6 24. g4 Nb6 25. gxf5 Qxd6 26. fxg6 hxg6 0-1

[Event "Women's Speed Chess Q3"]
[Site "chess.com INT"]
[Date "2021.05.30"]
[Round "15"]
[White "Kiolbasa, Oliwia"]
[Black "Shuvalova, Polina"]
[Result "1-0"]
[WhiteTitle "WIM"]
[BlackTitle "IM"]
[WhiteElo "2255"]
[BlackElo "2484"]
[WhiteFideId "1154613"]
[BlackFideId "24171760"]
[EventDate "2021.05.30"]

1. e4 c5 2. Nf3 d6 3. d4 cxd4 4. Nxd4 Nf6 5. Nc3 a6 6. Be2 e5 7. Nb3 Be7 8. O-O
O-O 9. Qd3 Be6 10. Bd2 Nbd7 11. Nd5 Bxd5 12. exd5 g6 13. c4 Rc8 14. Bc3 Ne8 15.
Qh3 Ng7 16. f4 Bf6 17. fxe5 Bxe5 18. Nd4 Qe7 19. Rae1 Qg5 20. Qxd7 Qe3+ 21. Kh1
Bxd4 22. Bg4 Qd3 23. Rd1 Qxc4 24. Rxd4 Qxa2 25. Rdf4 f5 26. Qxg7# 1-0

[Event "Women's Speed Chess Q3"]
[Site "chess.com INT"]
[Date "2021.05.30"]
[Round "15"]
[White "Zawadzka, Jolanta"]
[Black "Komiagina, Maria"]
[Result "1-0"]
[WhiteTitle "WGM"]
[BlackTitle "WIM"]
[WhiteElo "2399"]
[BlackElo "2241"]
[WhiteFideId "1122320"]
[BlackFideId "4153987"]
[EventDate "2021.05.30"]

1. e4 g6 2. d4 Bg7 3. Be3 d6 4. Nf3 a6 5. c3 Nd7 6. Bd3 c5 7. h4 h5 8. Nbd2 b5
9. Qe2 Bb7 10. Ng5 cxd4 11. cxd4 Ngf6 12. O-O Ng4 13. Bc2 Nxe3 14. fxe3 O-O 15.
Bb3 Bf6 16. Qf3 Kg7 17. Bxf7 Bxg5 18. hxg5 Nb6 19. Rf2 Qd7 20. Raf1 Rac8 21. Qg3
Nc4 22. Bxc4 Rxf2 23. Qxf2 e6 24. Qf6+ 1-0

[Event "Women's Speed Chess Q3"]
[Site "chess.com INT"]
[Date "2021.05.30"]
[Round "15"]
[White "Perez Rodriguez, Jennifer"]
[Black "Havanecz, Bianka"]
[Result "0-1"]
[WhiteTitle "WIM"]
[BlackTitle "WIM"]
[WhiteElo "2251"]
[BlackElo "2257"]
[WhiteFideId "3507831"]
[BlackFideId "704814"]
[EventDate "2021.05.30"]

1. e4 c6 2. d4 d5 3. exd5 cxd5 4. c3 Nf6 5. Bd3 Nc6 6. Nf3 a6 7. O-O Bg4 8. Ne5
Bxd1 9. Rxd1 e6 10. Bf4 Bd6 11. Nd2 O-O 12. Ndf3 Rc8 13. Re1 Bxe5 14. dxe5 Nd7
15. Ng5 h6 16. Nf3 Nc5 17. Bc2 b5 18. h4 b4 19. g4 bxc3 20. bxc3 Ne7 21. Kg2 Ng6
22. Bg3 Ne4 23. Bxe4 dxe4 24. Rxe4 Rxc3 25. h5 Ne7 26. Rae1 Nd5 27. Bh4 Qb6 28.
g5 hxg5 29. Bxg5 Rc2 30. Bh4 Rxa2 31. Rg4 a5 32. h6 g6 33. Rg1 Rc8 34. Kh2 Rcc2
35. R4g2 Nf4 36. Rg4 Rxf2+ 0-1

[Event "Women's Speed Chess Q3"]
[Site "chess.com INT"]
[Date "2021.05.30"]
[Round "15"]
[White "Padmini, Rout"]
[Black "Morris-Suzuki, Sophie"]
[Result "1-0"]
[WhiteTitle "IM"]
[BlackTitle "WFM"]
[WhiteElo "2370"]
[BlackElo "2043"]
[WhiteFideId "5029295"]
[BlackFideId "30922615"]
[EventDate "2021.05.30"]

1. e4 c5 2. Nf3 e6 3. c3 d5 4. exd5 exd5 5. d4 Nc6 6. Bb5 Bd6 7. O-O Ne7 8. dxc5
Bxc5 9. Nbd2 O-O 10. Nb3 Bb6 11. h3 Qd6 12. Re1 Bxh3 13. Be3 Bxe3 14. Rxe3 Bg4
15. Qd2 Nf5 16. Rd3 Rad8 17. Rd1 a6 18. Bxc6 bxc6 19. c4 Ne7 20. c5 Qf6 21. Qb4
Ng6 22. Qxg4 Qxb2 23. Nbd4 Rc8 24. Nf5 Qxa2 25. Ne5 Qa5 26. Nxg6 fxg6 27. Ne7+
Kf7 28. Nxc8 Qc7 29. Rf3+ Ke8 30. Qe6+ Kd8 31. Rxf8# 1-0

[Event "Women's Speed Chess Q3"]
[Site "chess.com INT"]
[Date "2021.05.30"]
[Round "15"]
[White "Kanyamarala, Trisha"]
[Black "Golubenko, Valentina"]
[Result "1-0"]
[WhiteTitle "WIM"]
[BlackTitle "WGM"]
[WhiteElo "2180"]
[BlackElo "2209"]
[WhiteFideId "45004722"]
[BlackFideId "4501993"]
[EventDate "2021.05.30"]

1. d4 g6 2. c4 Bg7 3. Nc3 c5 4. d5 Bxc3+ 5. bxc3 Qa5 6. Bd2 f5 7. Nf3 Nf6 8. e3
O-O 9. Bd3 d6 10. O-O Nbd7 11. Re1 Ne5 12. Nxe5 dxe5 13. f3 e4 14. fxe4 fxe4 15.
Be2 Bf5 16. Rf1 Rad8 17. Qe1 Qc7 18. Qh4 e6 19. g4 exd5 20. gxf5 d4 21. cxd4
cxd4 22. fxg6 Qg7 23. Kh1 hxg6 24. exd4 Rxd4 25. Bc3 Rd6 26. c5 Rc6 27. Bc4+ Rf7
28. Bxf6 Rxf6 29. Qxf6 1-0

[Event "Women's Speed Chess Q3"]
[Site "chess.com INT"]
[Date "2021.05.30"]
[Round "15"]
[White "Berend, Elvira"]
[Black "Alboredo, Julia"]
[Result "0-1"]
[WhiteTitle "WGM"]
[BlackTitle "WFM"]
[WhiteElo "2326"]
[BlackElo "2182"]
[WhiteFideId "4000510"]
[BlackFideId "2124807"]
[EventDate "2021.05.30"]

1. e4 c5 2. Nf3 d6 3. c3 Nf6 4. h3 Nc6 5. Bd3 d5 6. e5 Nd7 7. e6 fxe6 8. Ng5 Nf6
9. Qe2 e5 10. Bxh7 Nxh7 11. Qh5+ Kd7 12. Nxh7 Kc7 13. Qg6 Qd6 14. Nxf8 Rxf8 15.
Qxg7 Bf5 16. d4 exd4 17. O-O Rg8 18. Qf7 Raf8 19. Qh5 d3 20. Qh4 e5 21. Na3 a6
22. c4 Nd4 23. Kh1 Rh8 24. Qg3 Rfg8 25. Qe3 Bxh3 26. gxh3 Nf5 27. Qxd3 e4 28.
Qb3 e3 0-1

[Event "Women's Speed Chess Q3"]
[Site "chess.com INT"]
[Date "2021.05.30"]
[Round "15"]
[White "Gevorgyan, Maria"]
[Black "Linares Napoles, Oleiny"]
[Result "1-0"]
[WhiteTitle "WGM"]
[BlackTitle "WGM"]
[WhiteElo "2219"]
[BlackElo "2255"]
[WhiteFideId "13300270"]
[BlackFideId "3504794"]
[EventDate "2021.05.30"]

1. e4 d6 2. d4 g6 3. Nc3 Bg7 4. f4 Nf6 5. Nf3 c5 6. dxc5 Qa5 7. Bb5+ Nc6 8. O-O
O-O 9. cxd6 exd6 10. Bxc6 bxc6 11. Qxd6 Ba6 12. Re1 Qb6+ 13. Kh1 Rad8 14. Qa3
Ng4 15. h3 Nf2+ 16. Kh2 f5 17. Be3 Qc7 18. Bxf2 fxe4 19. Rxe4 Bb5 20. Qb3+ Kh8
21. Nxb5 cxb5 22. Rae1 Rd7 23. Bg3 a6 24. Ng5 h6 25. Ne6 Qc6 26. Nxf8 Bxf8 27.
Re8 Kh7 28. Rxf8 Rg7 29. Rf7 Qc8 30. Rxg7+ Kxg7 31. Re7+ Kf6 32. Qf7# 1-0

[Event "Women's Speed Chess Q3"]
[Site "chess.com INT"]
[Date "2021.05.30"]
[Round "15"]
[White "Grigoryan, Meri"]
[Black "Kiran, Manisha Mohanty"]
[Result "0-1"]
[WhiteTitle "WFM"]
[BlackTitle "WGM"]
[WhiteElo "2044"]
[BlackElo "2168"]
[WhiteFideId "13300571"]
[BlackFideId "5019575"]
[EventDate "2021.05.30"]

1. d4 Nf6 2. c4 g6 3. Nc3 d5 4. Nf3 Bg7 5. Bg5 Ne4 6. Bf4 Nxc3 7. bxc3 dxc4 8.
e4 O-O 9. Bxc4 Nd7 10. O-O Nb6 11. Bb3 a5 12. a4 Bd7 13. Re1 Bc6 14. Ne5 Bd7 15.
c4 Nc8 16. c5 c6 17. Rb1 b5 18. cxb6 Nxb6 19. Nxd7 Nxd7 20. e5 e6 21. Qf3 c5 22.
dxc5 Nxc5 23. Red1 Qe7 24. Rd6 Rab8 25. Bc2 Rxb1+ 26. Bxb1 Nxa4 27. Qa3 Rb8 28.
Bc2 Nb6 29. h3 Nc4 30. Qc5 Nxd6 31. exd6 Qd7 32. Qc4 Rb4 0-1

[Event "Women's Speed Chess Q3"]
[Site "chess.com INT"]
[Date "2021.05.30"]
[Round "15"]
[White "Marjanovic, Annamaria"]
[Black "Mkrtchian, Lilit"]
[Result "1-0"]
[WhiteTitle "WGM"]
[BlackTitle "IM"]
[WhiteElo "2338"]
[BlackElo "2388"]
[WhiteFideId "750930"]
[BlackFideId "13300601"]
[EventDate "2021.05.30"]

1. c4 e5 2. g3 Nf6 3. Bg2 c6 4. Nf3 e4 5. Nd4 Qb6 6. Nc2 d5 7. cxd5 cxd5 8. Nc3
Be6 9. O-O Be7 10. d3 exd3 11. Qxd3 Nbd7 12. Be3 Qd8 13. Nxd5 Nxd5 14. Bxd5 Ne5
15. Qb5+ Bd7 16. Qb3 O-O 17. Rfd1 Qa5 18. a4 Rac8 19. Bd2 Qb6 20. Qxb6 axb6 21.
Ne3 Bc6 22. Bc3 Bc5 23. Bxe5 Bxe3 24. Bxc6 bxc6 25. fxe3 Rfe8 26. Bf4 f6 27. h4
c5 28. Rd7 Red8 29. Rad1 Rxd7 30. Rxd7 Re8 31. b3 Re4 32. Rb7 Rb4 33. Rb8+ Kf7
34. Rb7+ Ke6 35. Bc7 Rxb3 36. Rxb6+ Rxb6 37. Bxb6 c4 38. Bd4 Kd5 39. a5 Kc6 40.
a6 Kc7 41. a7 1-0

[Event "Women's Speed Chess Q3"]
[Site "chess.com INT"]
[Date "2021.05.30"]
[Round "15"]
[White "Eswaran, Ashritha"]
[Black "Jakubowska, Anna"]
[Result "1-0"]
[WhiteTitle "WIM"]
[BlackTitle "WIM"]
[WhiteElo "2244"]
[BlackElo "2073"]
[WhiteFideId "2080788"]
[BlackFideId "1121952"]
[EventDate "2021.05.30"]

1. e4 c6 2. d4 d5 3. Nc3 dxe4 4. Nxe4 Nf6 5. Nxf6+ exf6 6. c3 Bd6 7. Bd3 O-O 8.
Qc2 Re8+ 9. Ne2 h5 10. Be3 Nd7 11. O-O-O Nf8 12. Kb1 b5 13. h3 Qa5 14. g4 h4 15.
Rhg1 Be6 16. Nc1 Rab8 17. g5 f5 18. Bxf5 b4 19. Bxe6 Nxe6 20. Nb3 Qc7 21. cxb4
Bxb4 22. Rg4 Qb7 23. g6 f6 24. Rxh4 a5 25. Ka1 a4 26. Nc5 Bxc5 27. dxc5 Red8 28.
Rxd8+ Rxd8 29. Qxa4 Qd7 30. Qc4 Qd1+ 31. Bc1 Kf8 32. Re4 Re8 33. a4 Ng5 34. Qg8+
Kxg8 35. Rxe8# 1-0

[Event "Women's Speed Chess Q3"]
[Site "chess.com INT"]
[Date "2021.05.30"]
[Round "15"]
[White "Eswaran, Aksithi"]
[Black "Mohota, Nisha"]
[Result "0-1"]
[WhiteTitle "WCM"]
[BlackTitle "IM"]
[WhiteElo "1745"]
[BlackElo "2195"]
[WhiteFideId "2083485"]
[BlackFideId "5004330"]
[EventDate "2021.05.30"]

1. e4 Nf6 2. e5 Nd5 3. c4 Nb6 4. c5 Nd5 5. Nc3 c6 6. d4 d6 7. cxd6 exd6 8. Nxd5
cxd5 9. Nf3 Nc6 10. Be2 Be7 11. O-O O-O 12. Re1 Re8 13. Bb5 Bg4 14. Be3 Rc8 15.
Rc1 dxe5 16. dxe5 Bxf3 17. Qxf3 Nxe5 18. Qg3 Nc6 19. Bh6 g6 20. Bxc6 bxc6 21.
Qc3 f6 22. Re6 Bf8 23. Rxe8 Qxe8 24. Be3 Qf7 25. Qa5 Bd6 26. Qa6 Qc7 27. Qxa7
Bxh2+ 28. Kh1 Qxa7 29. Bxa7 Be5 30. Bc5 Bxb2 31. Rb1 Be5 32. Rb6 f5 33. a4 Ra8
34. Rxc6 Rxa4 35. Rc8+ Kf7 36. Rf8+ Ke6 37. Re8+ Kf6 38. Rf8+ Kg5 39. Re8 Ra1# 0-1

[Event "Women's Speed Chess Q3"]
[Site "chess.com INT"]
[Date "2021.05.30"]
[Round "15"]
[White "Assaubayeva, Bibisara"]
[Black "Osmak, Iulija"]
[Result "1-0"]
[WhiteTitle "IM"]
[BlackTitle "IM"]
[WhiteElo "2381"]
[BlackElo "2425"]
[WhiteFideId "13708694"]
[BlackFideId "14101602"]
[EventDate "2021.05.30"]

1. d4 d6 2. e4 Nf6 3. Nc3 c6 4. Nf3 Bg4 5. Be2 e6 6. O-O Be7 7. Be3 d5 8. e5
Nfd7 9. Nd2 Bxe2 10. Nxe2 c5 11. c3 Nc6 12. f4 g6 13. Nf3 h5 14. dxc5 Nxc5 15.
Ned4 Ne4 16. Kh1 Qd7 17. Qb3 Na5 18. Qc2 Nc4 19. Bc1 h4 20. b3 Na5 21. Be3 Rc8
22. Ne2 Nc6 23. Rfd1 a6 24. c4 Nb4 25. Qb2 Qc6 26. a3 dxc4 27. axb4 c3 28. Qc2
Bxb4 29. Rd4 Nd2 30. Rxb4 Nxf3 31. Rc4 Qd7 32. Rxc8+ Qxc8 33. gxf3 h3 34. Qxc3
Qd7 35. Qd4 Qc6 36. Qe4 Qb5 37. Rd1 Qxb3 38. Qd3 Qa4 39. Qd8# 1-0

[Event "Women's Speed Chess Q3"]
[Site "chess.com INT"]
[Date "2021.05.30"]
[Round "15"]
[White "Novikova, Anna"]
[Black "Dordzhieva, Dinara"]
[Result "0-1"]
[WhiteTitle "WIM"]
[BlackTitle "WGM"]
[WhiteElo "2247"]
[BlackElo "2334"]
[WhiteFideId "4146794"]
[BlackFideId "24157570"]
[EventDate "2021.05.30"]

1. e4 c5 2. Nf3 d6 3. d4 cxd4 4. Nxd4 Nf6 5. Nc3 a6 6. Bg5 e6 7. f4 Be7 8. Qf3
Qc7 9. O-O-O b5 10. e5 Bb7 11. exd6 Bxd6 12. Qf2 Nd5 13. Nxd5 Bxd5 14. Nb3 Nd7
15. Be2 Rc8 16. Bf3 Bxf3 17. gxf3 Bxf4+ 18. Bxf4 Qxf4+ 19. Kb1 Ne5 20. Rhe1 Nc4
21. Qa7 O-O 22. Qxa6 Qf6 23. c3 Qxf3 24. Qxb5 Qf2 25. Nd2 Nxd2+ 26. Ka1 Nc4 27.
Rb1 Qxh2 28. Rh1 Qf4 29. Qh5 h6 30. Rbg1 Rb8 31. b3 Nd2 32. Rg4 Qe3 33. Rh3
Nxb3+ 34. axb3 Qc1+ 35. Ka2 Ra8+ 36. Ra4 Qc2+ 0-1

[Event "Women's Speed Chess Q3"]
[Site "chess.com INT"]
[Date "2021.05.30"]
[Round "15"]
[White "Enkhtuul, Altan-Ulzii"]
[Black "Vargas, Gabriela"]
[Result "1-0"]
[WhiteTitle "WGM"]
[BlackTitle "WIM"]
[WhiteElo "2228"]
[BlackElo "2170"]
[WhiteFideId "4901444"]
[BlackFideId "3700860"]
[EventDate "2021.05.30"]

1. d4 d5 2. Nf3 c6 3. g3 Bg4 4. Bg2 Nd7 5. O-O Ngf6 6. Nbd2 e6 7. Qe1 Be7 8. e4
dxe4 9. Nxe4 Nxe4 10. Qxe4 Bf5 11. Qe2 h6 12. c3 O-O 13. Rd1 a5 14. Bf4 Nb6 15.
Ne5 Nd5 16. Bd2 Bf6 17. c4 Nb4 18. Bxb4 axb4 19. Qe1 Qa5 20. Nd7 Rfd8 21. Nxf6+
gxf6 22. Qe3 Kg7 23. Be4 Bxe4 24. Qxe4 Qg5 25. h4 Qg6 26. Qe2 Rd7 27. Rd3 Rad8
28. Rad1 Qf5 29. Rf3 Qg6 30. Rf4 c5 31. Rg4 Rxd4 32. Rdxd4 Rxd4 33. Rxg6+ Kxg6
34. Kg2 f5 35. b3 Kf6 36. Qf3 Re4 37. Qd3 b6 38. Qd8+ Kg7 39. Qxb6 Re2 40. Qxc5
Rxa2 41. Qxb4 1-0

[Event "Women's Speed Chess Q3"]
[Site "chess.com INT"]
[Date "2021.05.30"]
[Round "15"]
[White "Purtseladze, Maka"]
[Black "Koridze, Lile"]
[Result "0-1"]
[WhiteTitle "IM"]
[BlackTitle "WFM"]
[WhiteElo "2274"]
[BlackElo "2016"]
[WhiteFideId "13602659"]
[BlackFideId "13612514"]
[EventDate "2021.05.30"]

1. b3 d5 2. e3 e6 3. Bb2 Nf6 4. f4 Be7 5. Nf3 O-O 6. d4 c5 7. Bd3 Nc6 8. Nbd2 b6
9. O-O Bb7 10. Ne5 Rc8 11. c3 cxd4 12. cxd4 Nb4 13. Bb1 Ba6 14. Rf2 Nd7 15. a3
Nxe5 16. axb4 Nd3 17. Rxa6 Nxb2 18. Qh5 g6 19. Qh6 Rc1+ 20. Rf1 Qc8 21. Ra1
Rxf1+ 22. Nxf1 Bxb4 23. Ng3 Qc1+ 24. Nf1 Qc3 25. Ra2 Qxb3 26. Rxa7 Nc4 27. Qh3
Qxb1 28. Rb7 Nd2 29. g3 Nxf1 30. Qxf1 Qxf1+ 31. Kxf1 Ba5 32. Ke2 Rc8 33. Kd3 Kf8
34. g4 Rc3+ 35. Ke2 Rc2+ 36. Kf3 Rxh2 37. g5 h6 38. gxh6 Rxh6 39. Kg4 Rh1 40.
Kg5 Kg7 41. Kg4 Re1 42. Kf3 Bd2 43. Rxb6 Rxe3+ 0-1